000 00697nam a2200217Ia 4500
003 GCL
008 140319s9999 xx 000 0 ara d
040 _aGCL /
_cGCL
082 0 4 _a811.6
_bا د
100 1 _aكرم البستانى
245 1 0 _aديوان ابن خلدون /
_cكرم البستانى
700 1 _aابن زيدون : ابوالوليد احمد بن عبدالله بن احمد بن غالب المخزومى القرطبى
260 _a[S.N] :
_bدار صادر
300 _a298
490 _a
650 0 4 _aالشعر العربى
650 0 4 _aالادب العربى
650 0 4 _aدواوين وقصائد
650 0 4 _aابن زيدون
942 _2ddc
_cBK
999 _c31517
_d31517